Normal view
MARC view
- A. Rashid Khan
Entry Personal Name
001 - CONTROL NUMBER
- control field: 44923
003 - CONTROL NUMBER IDENTIFIER
- control field: NUST
005 - DATE AND TIME OF LATEST TRANSACTION
- control field: 20210314133120.0
008 - FIXED-LENGTH DATA ELEMENTS
- fixed length control field: 210314|| aca||aabn | a|a d
040 ## - CATALOGING SOURCE
- Original cataloging agency: NUST
- Transcribing agency: NUST
100 ## - HEADING--PERSONAL NAME
- Personal name: A. Rashid Khan
670 ## - SOURCE DATA FOUND
- Source citation: Work cat.: (NUST): A. Rashid Khan, Lowari Tunnel
